000 00591nam a2200205Ia 4500
005 20250508165450.0
008 008 250505s9999 xx 000 0 hin d
020 _a978-81-8031-827-6
037 _aTextual
040 _aFEDL
_beng
_cFEDL
041 _ahin
_2hin
084 _a801.951, PAN
_qFEDL
100 _aPandey Shashibhushan
_9424434
245 0 _aSarjnatmak kavyalochan: Abhyantar ka udghatan
260 _aAllahabad, India
_bLokbharati Prakashan
_c2014
300 _a272p.
365 _aINR
_b550
942 _cTEXL
_h801.951, PAN
999 _c1395257
_d1395257